One-Name NBA All-Stars #2 - Statistics

General Stats
  • This quiz has been taken 34 times
  • The average score is 13 of 22
Answer Stats
Years Playing Team First Name Player % Correct
1998–2019 Mavericks Dirk Dirk Nowitzki
79%
2003– Cavaliers Lebron Lebron James
79%
2012– Trail Blazers Dame Damian Lillard
75%
2013– Bucks Giannis Giannis Antetokounmpo
75%
1996–2016 Lakers Kobe Kobe Bryant
75%
2018– Mavericks Luka Luka Dončić
75%
2019– Pelicans Zion Zion Williamson
75%
2003–2022 Nuggets Carmelo / Melo Carmelo Anthony
71%
1984–2002 Rockets Hakeem Hakeem Olajuwon
68%
1969–1989 Lakers Kareem Kareem Abdul-Jabbar
68%
2011– Cavaliers Kyrie Kyrie Irving
61%
2020– Hornets LaMelo LaMelo Ball
61%
2002–2018 Spurs Manu Manu Ginóbili
61%
2011– Spurs Kawhi Kawhi Leonard
57%
1992–2011 Lakers Shaq Shaquille O'Neal
57%
2012– Warriors Draymond Draymond Green
54%
1959–1973 Warriors Wilt Wilt Chamberlain
54%
2002–2011 Rockets Ming Yao Ming
50%
2018– Thunder Shai Shai Gilgeous-Alexander
50%
1982–1995, 1996-1997, 1999 Hawks Dominique / Nique Dominique Wilkins
43%
1998–2011 Kings Peja Peja Stojaković
36%
1995–2013 Trail Blazers Sheed Rasheed Wallace
7%
No matching quizzes found
Score Distribution
Percent of People with Each Score
Percentile by Number Answered
Your Score History
You have not taken this quiz